000 00267nam a2200121Ia 4500
008 190216s9999||||xx |||||||||||||| ||und||
100 _aVijayan O V
245 0 _aPravachakande Vazhi
260 _bDc Books Kottayam
300 _a292
650 _aNovel
942 _cBK
999 _c27999
_d27999